000 00618nam a2200265Ia 4500
003 OSt
005 20220912152535.0
006 a|||||r|||| 00| 0
007 ta
008 220909b |||||||| |||| 00| 0 eng d
024 _a42651
037 _cTextual
040 _aCSL
_beng
_cCSL
041 _aeng
082 _aG:61aY, K8;1
100 _aLerner I M
245 0 _aHeredity evolution and society
250 _a2
260 _c1968
300 _ap.
_ccm.
650 _a Heredity evolution
650 _aBiology
942 _hG:61aY, K8;1
_cTEXL
_2CC
999 _c88137
_d88137